MARC

LEADER 00000nam0a2200000 4500
001 362929
005 20231102011534.0
035 |a (RuTPU)RU\TPU\retro\20275 
035 |a RU\TPU\retro\20274 
090 |a 362929 
100 |a 20210902d1932 k y0rusy50 ca 
101 0 |a rus 
102 |a RU 
105 |a a z 001zy 
200 1 |a Геологические исследования в области южных Ергеней в 1929 г.  |f П. А. Православлев  |g Нефтяной геологоразведочный институт 
210 |a Москва  |a Ленинград  |c Государственное научно-техническое изд-во  |d 1932 
215 |a 32 с.  |c ил. 
225 1 |a Труды нефтяного геолого-разведочного института 
225 1 |a Серия Б  |v Вып. 15 
320 |9 572  |a Библиогр. в примеч. 
606 1 |a Геологические исследования  |2 stltpush  |3 (RuTPU)RU\TPU\subj\6042  |9 34006 
610 1 |a орография 
610 1 |a стратиграфия 
610 1 |a тектоника 
610 1 |a полезные ископаемые 
610 1 |a Приволжский регион 
675 |a 55  |v 4 
700 1 |a Православлев  |b П. А. 
712 0 2 |a Нефтяной геологоразведочный институт  |c (Ленинград)  |c (1929-1945)  |2 stltpush  |3 (RuTPU)RU\TPU\col\23516  |9 28332 
801 1 |a RU  |b 63413507  |c 20210820 
801 2 |a RU  |b 63413507  |c 20210902  |g RCR 
942 |c BK